000 00493nam a2200169 i 4500
001 50194
003 ES-MaACL
005 20250911063531.0
007 t|
008 030801s1936 sp ||||1| spa d
100 1 _aEnamorado Cuesta, José,
_d1892-1976
_947167
245 1 0 _aEn tropel
_b: (poemario de revolución) /
_cJ. Enamorado Cuesta.
260 _aMadrid :
_b[s.n.],
_c1936 (
_fGalo Sèz)
300 _a93 p. ;
_c19 cm.
852 _aES-MaACL
_jA-4659
999 _c50194
_d50194